LIBRARY & INFORMATION CENTRE, KCAET, TAVANUR

ONLINE PUBLIC ACCESS CATALOGUE (OPAC)

Development and testing of Coleus and ginger harvester (Record no. 14085)

MARC details
000 -LEADER
fixed length control field 00486nam a22001457a 4500
082 ## - DEWEY DECIMAL CLASSIFICATION NUMBER
Classification number 631.1
Item number DAS/DE
100 ## - MAIN ENTRY--AUTHOR NAME
Personal name Das, Ajoy Kumar
245 ## - TITLE STATEMENT
Title Development and testing of Coleus and ginger harvester
260 ## - PUBLICATION, DISTRIBUTION, ETC. (IMPRINT)
Place of publication Tavanur
Name of publisher Department of Farm and Power Machinery
Year of publication 2009
700 ## - ADDED ENTRY--PERSONAL NAME
Personal name Dhanya Augustine
700 ## - ADDED ENTRY--PERSONAL NAME
Personal name Nadiya Nesthad
700 ## - ADDED ENTRY--PERSONAL NAME
Personal name Jayan, P.R (guide)
856 ## - ELECTRONIC LOCATION AND ACCESS
Uniform Resource Identifier https://drive.google.com/file/d/0B8K9-c_S7d7WcGpYaUItWFN3TjA/edit?usp=sharing
942 ## - ADDED ENTRY ELEMENTS (KOHA)
Koha item type Project Report
Holdings
Collection code Home library Current library Shelving location Full call number Accession Number Koha item type
Reference KAUAET KAUAET Reference 631.1 DAS/DE P208 Project Report
free website counter